000 01067nam a2200241 a 4500
003 BD-DhJNU
005 20260215092017.0
008 251108s2017 bg |||g |||| 000 1|ben|d
020 _a9789849115786
040 _aBD-DhJNU
_bben
_cBD-DhJNU
_dBD-DhJNU
041 _aben
082 _a953 RAA
_223
100 _aরহমান, শেখ মুহাম্মদ লুৎফর
245 1 0 _aআরব জাতির ইতিহাস /
_cশেখ মুহাম্মদ লুৎফর রহমান এবং মো. ফজলুল হক (সম্পাদক)
246 _aArab Jatir Itihas
250 _a4th ed.
260 _aঢাকা :
_bফেমাস বুকস,
_c2017.
300 _a৪৭৩ পৃ. :
_bচিত্র ;
_c২২ সেমি.।
504 _aগ্রন্থপঞ্জিগত নির্দেশিকা ও নিঘন্ট অন্তভূক্ত
650 _aআরব জাতি-ইতিহাস
700 a _aহক, মো. ফজলুল
_eসম্পাদক
942 _cBK
999 _c2611
_d2611